1911 1808 1497 1743 1979 1949 1522 1684 1600 1760 1037 1901 1072 1242 1447 1827 1322 1330 1862 1462 1690 1308 1121 1681 1549 1529 1433 1450 1445 1599 1182 1249 1059 1322 1653 1760 1196 1554 1060 1038 1676 1195 1998 1616 1337 1333 1640 1023 1162 1619 1130 1158 1448 1644 1948 1117 1250 1734 1958 1689 1563 1815 1606 1902 1183 1584 1901 1641 1454 1857 1968 1025 1287 1465 1108 1540 1176 1875 1191 1550 1296 1689 1876 1545 1616 1732 1376 1801 1517 1909 1420 1297 1804 1379 1947 1370 1062 1440 1389 BCNSPRNW ULIB Ver.6.0+V

เปลี่ยนเป็นภาษาไทย

Change to English
 แสดงรายละเอียดบรรณานุกรม
  กลับหน้าหลัก

Brief Record : Get Marc (ISO 2709) : E-mail record : QR code < ปิดหน้าต่าง
LEADER : 00000nam 2200000uu 4500
001    13399127767
003     ULIB
008    210824s||||||||th 000 0 tha d
020    ^a9786165727518
060  4 ^aWX162^bจ683อ
245 00 ^aอายุรศาสตร์โรงพยาบาล = Hospital medicine /^cบรรณาธิการ, วิทยาศรีดามา
246 31 ^aHospital medicine
250    ^aพิมพ์ครั้งที่ 1
260    ^aกรุงเทพฯ :^bสาขาอายุรศาสตร์โรงพยาบาลและผู้ป่วยนอก
260 ภา ควิชาอายุรศาสตร์ คณะแพทยศาสตร์ จุฬาลงกรณ์มหาวิทยาลัย,^c2563
300    ^a285 หน้า :^bแผนภูมิ ;^c26 ซม
504    ^aบรรณานุกรมท้ายบทและดรรชนีท้ายเล่ม
505 0  ^aอายุรศาสตร์โรงพยาบาล / วิทยา ศรีดามา --การดูแลรักษาโรคโดยคำนึงถึงคุณค่าการดูแลรักษาพยาบาล / พิทักษ์เดชพรเทวัญ, วิทยา ศรีดามา --สุขภาพประชากรโดยรวมและการประเมินภาระโรค / พิทักษ์ เดชพรเทวัญ,วิทยา ศรีดามา -- กรอบการจัดสถานบริการสุขภาพของกระทรวงสาธารณสุข /สำนักบริหารการสาธารณสุข สำนักงานปลัดกระทรวงสาธารณสุข --หลักการใช้หลักฐานเชิงประจักษ์ทางการแพทย์ / วิทยา ศรีดามา --แนวทางเวชปฏิบัติและ Systematic review / วิทยา ศรีดามา --การพิจารณาในการนำหลักฐานเชิงประจักษ์มาใช้ในทางคลินิก / วิทยา ศรีดามา-- การเขียนใบสั่งยาที่มีหลักฐานเชิงประจักษ์ / วิทยา ศรีดามา --การส่งต่อผู้ป่วย / วิทยา ศรีดามา -- หลักการความปลอดภัยของผู้ป่วย /ปิติพงษ์ กิจรัตนะกุล, วิทยา ศรีดามา --การป้องกันและจัดการเหตุการณ์ไม่พึงประสงค์เพื่อความปลอดภัยต่อผู้ป่วย /วิทยา ศรีดามา -- หลักการสั่งยาอย่างสมเหตุสมผล / วิทวัส แนววงศ์, วิทยาศรีดามา -- เครื่องมือที่ใช้ในการระบุปัญหาและลดความเสี่ยง / วิทวัสแนววงศ์, วิทยา ศรีดามา -- ความผิดพลาดจากการใช้ / วิทยา ศรีดามา --ขบวนการวินิจฉัยและความผิดพลาดในการวินิจฉัย / วิทยา ศรีดามา --หลักการและขบวนการพัฒนาคุณภาพชนิดวางแผนปฏิบัติตรวจสอบและแก้ไข (Plan-Do-Check-Act) / วิทวัส แนววงศ์, วิทยา ศรีดามา --การวัดคุณภาพการบริการ / วิทวัส แนววงศ์, วิทยา ศรีดามา --การสร้างมาตรฐานและความน่าเชื่อถือ / วิทวัส แนววงศ์, วิทยา ศรีดามา --การใช้กระบวนการคุณภาพ Lean / วิทยา ศรีดามา --ปัญหาทางจริยธรรมในการดูแลรักษาผู้ป่วย / วิทยา ศรีดามา --การดูแลรักษาที่มีผู้ป่วยเป็นศูนย์กลาง / วิทยา ศรีดามา --การปฏิบัติมิชอบทางการแพทย์ / วิทยา ศรีดามา -- การวินิจฉัยและการให้รหัสInternational statisticalclassification of disease (ICD) /วิทยา ศรีดามา -- การสรุปและรับรองสาเหตุการตาย / วิทยา ศรีดามา --หัตถการทางการแพทย์ / วิทยา ศรีดามา
650  2 ^aHospital Medicine
650  2 ^aMedicine
650  2 ^aInternal medicine
650  7 ^aการแพทย์
650  7 ^aอายุรศาสตร์
700 0  ^aวิทยา ศรีดามา,^eบรรณาธิการ
700 02 ^aพิทักษ์ เดชพรเทวัญ.^tการดูแลรักษาโรคโดยคำนึงถึงคุณค่าการดูแลรักษาพยาบาล
700 02 ^aพิทักษ์ เดชพรเทวัญ.^tสุขภาพประชากรโดยรวมและการประเมินภาระโรค
700 02 ^aปิติพงษ์ กิจรัตนะกุล.^tหลักการความปลอดภัยของผู้ป่วย
700 02 ^aวิทวัส แนววงศ์.^tหลักการสั่งยาอย่างสมเหตุสมผล
700 02 ^aวิทวัส แนววงศ์.^tเครื่องมือที่ใช้ในการระบุปัญหาและลดความเสี่ยง
700 02 ^aวิทวัส แนววงศ์.^tหลักการและขบวนการพัฒนาคุณภาพชนิดวางแผนปฏิบัติตรวจสอบและแก้ไข(Plan-Do-Check-Act)
700 02 ^aวิทวัส แนววงศ์.^tการวัดคุณภาพการบริการ
700 02 ^aวิทวัส แนววงศ์.^tการสร้างมาตรฐานและความน่าเชื่อถือ
710 2  ^aจุฬาลงกรณ์มหาวิทยาลัย.^bคณะแพทยศาสตร์
710 2  ^aจุฬาลงกรณ์มหาวิทยาลัย.^bภาควิชาอายุรศาสตร์
710 2  ^aจุฬาลงกรณ์มหาวิทยาลัย.^bสาขาอายุรศาสตร์โรงพยาบาลและผู้ป่วยนอก
945    ^p300^l0^i008092
945    ^p300^l0^i008093
945    ^p300^l0^i008094
999    ^aประนอม เกษจรัล
รายการนี้ยังไม่มีแท็ก
คุณยังไม่ได้ล็อกอิน คุณสามารถมีกิจกรรมร่วมกับเว็บไซต์ได้ แต่ต้องล็อกอินก่อน ::
  ล็อกอิน

รายการสื่อสารสนเทศ

ลำดับที่ ประเภท เลขเรียก/บาร์โค้ด สถานที่ สถานะ
1. วิทยาศาสตร์การแพทย์ และสุขภาพ
หนังสือสำรอง
สถานะ=หนังสือสำรอง
WX162 จ683อ ฉ.1 
  Barcode: 008092
ห้องสมุดวิทยาเขตสวรรค์ประชารักษ์
►หนังสือทั่วไป
บนชั้น
2. วิทยาศาสตร์การแพทย์ และสุขภาพ
วิทยาศาสตร์การแพทย์ และสุขภาพ
WX162 จ683อ ฉ.2 
  Barcode: 008093
ห้องสมุดวิทยาเขตสวรรค์ประชารักษ์
►หนังสือทั่วไป
บนชั้น
3. วิทยาศาสตร์การแพทย์ และสุขภาพ
วิทยาศาสตร์การแพทย์ และสุขภาพ
WX162 จ683อ ฉ.3 
  Barcode: 008094
ห้องสมุดวิทยาเขตสวรรค์ประชารักษ์
►หนังสือทั่วไป
บนชั้น

รายการใกล้เคียง
    หัวเรื่อง [Hospital Medicine]
    หัวเรื่อง [Medicine]
    หัวเรื่อง [Internal medicine]
    หัวเรื่อง [การแพทย์]
    หัวเรื่อง [อายุรศาสตร์]

BibComment


ยังไม่เคยถูกคอมเมนท์

คอมเมนท์ทรัพยากรรายการนี้
  คอมเมนท์: อายุรศาสตร์โรงพย..


 Copyright 2026. Bcnsprnw @Library